MARC details
| 000 -LEADER |
| fixed length control field |
01944cam a2200433K 4500 |
| 001 - CONTROL NUMBER |
| control field |
427059 |
| 003 - CONTROL NUMBER IDENTIFIER |
| control field |
GBCCL |
| 005 - DATE AND TIME OF LATEST TRANSACTION |
| control field |
20241126110335.0 |
| 006 - FIXED-LENGTH DATA ELEMENTS--ADDITIONAL MATERIAL CHARACTERISTICS |
| fixed length control field |
m o d |
| 007 - PHYSICAL DESCRIPTION FIXED FIELD--GENERAL INFORMATION |
| fixed length control field |
cr bn||||||abp |
| 007 - PHYSICAL DESCRIPTION FIXED FIELD--GENERAL INFORMATION |
| fixed length control field |
cr bn||||||ada |
| 008 - FIXED-LENGTH DATA ELEMENTS--GENERAL INFORMATION |
| fixed length control field |
100318nuuuuuuuupau o 000 0 eng d |
| 020 ## - INTERNATIONAL STANDARD BOOK NUMBER |
| International Standard Book Number |
0916441245 |
| 035 ## - SYSTEM CONTROL NUMBER |
| System control number |
(OCoLC)ocn559495518 |
| 035 ## - SYSTEM CONTROL NUMBER |
| System control number |
(OCoLC)559495518 |
| Canceled/invalid control number |
(OCoLC)300502918 |
| 040 ## - CATALOGING SOURCE |
| Original cataloging agency |
OCLCE |
| Language of cataloging |
eng |
| Description conventions |
pn |
| Transcribing agency |
OCLCE |
| Modifying agency |
OCLCQ |
| 042 ## - |
| -- |
dlr |
| 049 ## - |
| -- |
LBB24 |
| 082 ## - DEWEY DECIMAL CLASSIFICATION NUMBER |
| Classification number |
828 |
| Item number |
BUN |
| 100 1# - MAIN ENTRY--PERSONAL NAME |
| Personal name |
Bunyan, John, |
| Dates associated with a name |
1628-1688. |
| 9 (RLIN) |
340 |
| 245 14 - TITLE STATEMENT |
| Title |
The pilgrim's progress |
| 260 ## - PUBLICATION, DISTRIBUTION, ETC. |
| Place of publication, distribution, etc. |
Ohio : |
| Name of publisher, distributor, etc. |
Barbour publishing inc. : |
| Date of publication, distribution, etc. |
[date of publication not identified] |
| 300 ## - PHYSICAL DESCRIPTION |
| Extent |
379p. ; |
| Other physical details |
frontispieces |
| 336 ## - CONTENT TYPE |
| Content type term |
text |
| Content type code |
txt |
| Source |
rdacontent |
| 337 ## - MEDIA TYPE |
| Media type term |
computer |
| Media type code |
c |
| Source |
rdamedia |
| 338 ## - CARRIER TYPE |
| Carrier type term |
online resource |
| Carrier type code |
cr |
| Source |
rdacarrier |
| 506 ## - RESTRICTIONS ON ACCESS NOTE |
| Materials specified |
Use copy |
| Standardized terminology for access restriction |
Restrictions unspecified |
| Source of term |
star |
| Institution to which field applies |
MiAaHDL |
| 533 ## - |
| -- |
Electronic reproduction. |
| -- |
[S.l.] : |
| -- |
HathiTrust Digital Library, |
| -- |
2010. |
| -- |
MiAaHDL |
| 538 ## - |
| -- |
Master and use copy. Digital master created according to Benchmark for Faithful Digital Reproductions of Monographs and Serials, Version 1. Digital Library Federation, December 2002. |
| -- |
http://purl.oclc.org/DLF/benchrepro0212 |
| -- |
MiAaHDL |
| 583 1# - |
| -- |
digitized |
| -- |
2010 |
| -- |
HathiTrust Digital Library |
| -- |
committed to preserve |
| -- |
pda |
| -- |
MiAaHDL |
| 588 ## - SOURCE OF DESCRIPTION NOTE |
| Source of description note |
Description based on print version record. |
| 590 ## - LOCAL NOTE (RLIN) |
| Local note |
Free Access Content |
| Provenance (VM) [OBSOLETE] |
Internet Archive - Text Archive |
| 650 ## - SUBJECT ADDED ENTRY--TOPICAL TERM |
| Topical term or geographic name entry element |
Christian pilgrims and pilgrimages -- Fiction. |
| 9 (RLIN) |
11199 |
| 650 ## - SUBJECT ADDED ENTRY--TOPICAL TERM |
| Topical term or geographic name entry element |
Christian life -- Fiction. |
| 9 (RLIN) |
11200 |
| 650 ## - SUBJECT ADDED ENTRY--TOPICAL TERM |
| Topical term or geographic name entry element |
Christian life. |
| 9 (RLIN) |
183 |
| 776 08 - ADDITIONAL PHYSICAL FORM ENTRY |
| Relationship information |
Print version: |
| Main entry heading |
Bunyan, John, 1628-1688. |
| Title |
Pilgrim's progress. |
| Place, publisher, and date of publication |
Philadelphia, Presbyterian Board of Publication [n.d.] |
| Record control number |
(OCoLC)663835 |
| 856 40 - ELECTRONIC LOCATION AND ACCESS |
| Uniform Resource Identifier |
<a href="http://www.archive.org/details/pilgrimsprogress184400buny">http://www.archive.org/details/pilgrimsprogress184400buny</a> |
| Materials specified |
Full text available from Internet Archive |
| Public note |
LBC Link to Full Text; Click for Access |
| 942 ## - ADDED ENTRY ELEMENTS (KOHA) |
| Source of classification or shelving scheme |
Dewey Decimal Classification |
| Koha item type |
Books |